000 00355nam a2200133Ia 4500
008 240624s9999 xx 000 0 und d
041 _aeng
082 _a382 MAR
100 _aMARJIT SUGATA
245 _aINTERNATIONAL TRADE AND ECONOMIC DEVELOP
260 _c2008
_aNew Delhi
_bOxford University press
300 _a338 : p. : cm. ; 24
365 _cRS
_b30
999 _c12333
_d12333